| 000 | 00814nam a22002417a 4500 | ||
|---|---|---|---|
| 999 |
_c15998 _d15998 |
||
| 003 | AR-CdUCM | ||
| 008 | 190328b ||||| |||| 00| 0 eng d | ||
| 020 | _a84-204-5818-X | ||
| 040 |
_aMUNICIPALIDAD PROVINCIAL DEL CUSCO _cBIBLIOTECA MUNICIPAL DEL CUSCO |
||
| 082 |
_aPI / 803 / _bAD23 |
||
| 100 |
_aAda, Alma Flor. _935259 |
||
| 245 |
_aUna semilla de luz : _bDerecho a la igualdad / |
||
| 260 |
_aEspaña : _bAlfaguara, _bUnicef, _c2000. |
||
| 300 |
_a31 páginas ; _bilustraciones a color, _c28 cm. |
||
| 440 |
_aColección derechos del niño. _n1 _935260 |
||
| 505 | _aContenido : Cuentos. | ||
| 650 |
_aCuentos infantiles. _93927 |
||
| 650 |
_aSiglo XX _98 |
||
| 700 |
_aF. Isabel Campoy. _935261 |
||
| 700 |
_aDávalos , Felipe (ilustraciones) _935262 |
||
| 942 |
_2ddc _cLIBROS |
||
| 945 |
_arum _d2019-04-30 |
||